[Event "Ho Chi Minh City zt 3.3"]
[Site "Ho Chi Minh City"]
[Date "2015.03.14"]
[Round "8"]
[White "Cho, Seongho"]
[Black "Bunnag, Bhon"]
[Result "1-0"]
[WhiteElo "2036"]
[BlackElo "1733"]
[PlyCount "59"]
[EventDate "2015.03.07"]
[EventType "swiss"]
[EventRounds "9"]
[EventCountry "VIE"]
[SourceTitle "CBM 165 Extra"]
[Source "ChessBase"]
[SourceDate "2015.04.21"]
[SourceVersion "1"]
[SourceVersionDate "2015.04.21"]
[SourceQuality "1"]

1. d4 Nf6 2. c4 e5 3. dxe5 Ng4 4. Nf3 Bc5 5. e3 Nc6 6. Nc3 Ngxe5 7. Nxe5 Nxe5 8. Be2 0-0 9. 0-0 Re8 10. b3 a5 11. Na4 Bf8 12. f4 Nc6 13. Bf3 g6 14. Bb2 Bg7 15. Bxg7 Kxg7 16. Qd2 d6 17. Nc3 f5 18. e4 Kf8 19. exf5 Bxf5 20. g4 Bd7 21. f5 Qh4 22. fxg6 Ke7 23. c5 Ne5 24. cxd6+ Kd8 25. dxc7+ Kc8 26. Rad1 Ra6 27. Ne4 Ree6 28. Nc5 Rad6 29. Bxb7+ Kxc7 30. Qxa5+ 1-0

[Event "Ho Chi Minh City zt 3.3"]
[Site "Ho Chi Minh City"]
[Date "2015.03.10"]
[Round "4"]
[White "Nguyen, Phuoc Tam"]
[Black "Bunnag, Bhon"]
[Result "1-0"]
[WhiteElo "2059"]
[BlackElo "1733"]
[PlyCount "53"]
[EventDate "2015.03.07"]
[EventType "swiss"]
[EventRounds "9"]
[EventCountry "VIE"]
[SourceTitle "CBM 165 Extra"]
[Source "ChessBase"]
[SourceDate "2015.04.21"]
[SourceVersion "1"]
[SourceVersionDate "2015.04.21"]
[SourceQuality "1"]

1. d4 Nf6 2. c4 e5 3. d5 Bc5 4. Nc3 a6 5. a3 d6 6. e3 Bf5 7. b4 Ba7 8. Bb2 0-0 9. Nge2 a5 10. Ng3 Bg6 11. Bd3 Nbd7 12. Bxg6 fxg6 13. Qe2 Qe7 14. f3 Nb6 15. 0-0 c6 16. bxa5 Nbd7 17. a6 bxa6 18. dxc6 Nc5 19. Nd5 Qf7 20. Rad1 Rfd8 21. Bc3 Rac8 22. f4 Rxc6 23. fxe5 dxe5 24. Nxf6+ Qxf6 25. Rxf6 Rxd1+ 26. Qxd1 gxf6 27. Qd5+ 1-0

[Event "Ho Chi Minh City zt 3.3"]
[Site "Ho Chi Minh City"]
[Date "2015.03.08"]
[Round "2"]
[White "Bunnag, Bhon"]
[Black "Tran, Quoc Dung"]
[Result "0-1"]
[WhiteElo "1733"]
[BlackElo "2288"]
[PlyCount "52"]
[EventDate "2015.03.07"]
[EventType "swiss"]
[EventRounds "9"]
[EventCountry "VIE"]
[SourceTitle "CBM 165 Extra"]
[Source "ChessBase"]
[SourceDate "2015.04.21"]
[SourceVersion "1"]
[SourceVersionDate "2015.04.21"]
[SourceQuality "1"]

1. e4 c5 2. Nf3 e6 3. d4 cxd4 4. Nxd4 a6 5. Nc3 b5 6. a3 Bb7 7. Bd3 Qc7 8. 0-0 Nf6 9. Kh1 Bc5 10. Nb3 Be7 11. f4 d6 12. Qe1 Nbd7 13. Be3 0-0 14. Qg3 Rfe8 15. Rae1 Rac8 16. Qh3 g6 17. f5 gxf5 18. exf5 e5 19. Bh6 Kh8 20. Ne4 Rg8 21. Ng5 Bd5 22. Nd4 Qd8 23. Ndf3 Nc5 24. Nxe5 dxe5 25. Rxe5 Bf8 26. Nxh7 Bxg2+ 0-1

[Event "Ho Chi Minh City zt 3.3"]
[Site "Ho Chi Minh City"]
[Date "2015.03.07"]
[Round "1"]
[White "Wynn, Zaw Htung"]
[Black "Bunnag, Bhon"]
[Result "1-0"]
[WhiteElo "2382"]
[BlackElo "1733"]
[PlyCount "69"]
[EventDate "2015.03.07"]
[EventType "swiss"]
[EventRounds "9"]
[EventCountry "VIE"]
[SourceTitle "CBM 165 Extra"]
[Source "ChessBase"]
[SourceDate "2015.04.21"]
[SourceVersion "1"]
[SourceVersionDate "2015.04.21"]
[SourceQuality "1"]

1. Nf3 Nf6 2. g3 b6 3. Bg2 Bb7 4. c4 e6 5. 0-0 Be7 6. d3 c5 7. e4 d6 8. Nc3 0-0 9. Re1 Nbd7 10. d4 cxd4 11. Nxd4 Rc8 12. b3 Nc5 13. Bb2 Qd7 14. Qc2 Rfd8 15. Rad1 Qc7 16. Qe2 a6 17. Rd2 Ncd7 18. h3 Ne5 19. Kh2 Ng6 20. Kg1 Nd7 21. h4 h6 22. Red1 Bf6 23. h5 Ngf8 24. f4 Nh7 25. Bf3 Nb8 26. Kg2 Nc6 27. Nc2 Ne7 28. Ne3 Nc6 29. Ng4 Be7 30. Na4 e5 31. Qe3 b5 32. Nb6 Rb8 33. Nd5 exf4 34. Qc3 Nf6 35. Ngxf6+ 1-0

[Event "Penang op 6th"]
[Site "Penang"]
[Date "2014.12.08"]
[Round "1"]
[White "Bunnag, Bhon"]
[Black "Srivatanakul, Pricha"]
[Result "1-0"]
[WhiteElo "1683"]
[BlackElo "1714"]
[PlyCount "61"]
[EventDate "2014.12.08"]
[EventType "swiss"]
[EventRounds "9"]
[EventCountry "MAS"]
[SourceTitle "CBM 163 Extra"]
[Source "ChessBase"]
[SourceDate "2014.12.23"]
[SourceVersion "1"]
[SourceVersionDate "2014.12.23"]
[SourceQuality "1"]

1. e4 c5 2. Nf3 a6 3. d4 cxd4 4. Nxd4 Nc6 5. Be3 Nf6 6. Nc3 Qa5 7. f3 b5 8. Qd2 e6 9. Nxc6 dxc6 10. e5 Nd5 11. Nxd5 Qxd2+ 12. Bxd2 cxd5 13. Be3 Bb4+ 14. c3 Ba5 15. Bd3 0-0 16. 0-0 Bd7 17. Rad1 Rfc8 18. g3 h6 19. f4 Kf8 20. f5 Ke8 21. f6 g5 22. Rf3 g4 23. Rf4 h5 24. h3 Kd8 25. hxg4 hxg4 26. Rxg4 Kc7 27. Rg7 Be8 28. Bg6 Kc6 29. Bxf7 Bxf7 30. Rxf7 Rg8 31. Re7 1-0

[Event "Yangon Zaw Win Lay Memorial"]
[Site "Yangon"]
[Date "2014.11.25"]
[Round "4"]
[White "Bunnag, Bhon"]
[Black "Kyi, Thein"]
[Result "0-1"]
[WhiteElo "1683"]
[BlackElo "2142"]
[PlyCount "76"]
[EventDate "2014.11.24"]
[EventType "swiss"]
[EventRounds "9"]
[EventCountry "MYA"]
[SourceTitle "EXT 2016"]
[Source "ChessBase"]
[SourceDate "2015.10.08"]
[SourceVersion "1"]
[SourceVersionDate "2015.10.08"]
[SourceQuality "1"]

1. e4 c5 2. Nf3 e6 3. d4 cxd4 4. Nxd4 a6 5. Nc3 Qc7 6. Bd3 Bb4 7. Bd2 Nf6 8. 0-0 Be7 9. Re1 d6 10. Qe2 0-0 11. Kh1 Qb6 12. Nb3 e5 13. Be3 Qc7 14. Nd2 b5 15. a3 h6 16. Nf1 Nc6 17. f4 exf4 18. Bxf4 Be6 19. Ne3 Rfe8 20. Ned5 Qd8 21. Qd2 Ne5 22. Ne3 Nh5 23. Nf5 Bf8 24. Be2 Nf6 25. Rad1 Bxf5 26. exf5 Qb6 27. Nd5 Qd8 28. h3 Rc8 29. Kh2 Ne4 30. Qe3 Nf6 31. Qg3 Kh8 32. Rd2 Ne4 33. Qe3 Nxd2 34. Qxd2 Nc4 35. Qd4 f6 36. Bc1 Ne5 37. Nf4 Qd7 38. g4 Nf3+ 0-1